Direito das pessoas com deficin̊cia psq̕uica e intelectual nas relaė̳s privadas

Bibliographic Details
Main Author: Bezerra de Menezes, Joyceane
Format: eBook
Language:Portuguese
Published: Rio de Janeiro: Editora Processo, 2020
Edition:2da. Edicin̤
Subjects:
Online Access:Acceso restringido

MARC

LEADER 00000nam a22000007a 4500
005 20220920021612.0
007 cr|||| ||||
008 220920s2020 br |||||s|||| 00||0 por d
020 |a 978-859374161-6 
035 |a 36765 
040 |a vLex 
090 |c 13975  |d 13975 
100 1 |a Bezerra de Menezes, Joyceane 
245 1 0 |a Direito das pessoas com deficin̊cia psq̕uica e intelectual nas relaė̳s privadas  |h [Recurso electrn̤ico] /  |c Joyceane Bezerra de Menezes 
250 |a 2da. Edicin̤ 
256 |a Servicio en ln̕ea 
260 |a Rio de Janeiro:  |b Editora Processo,  |c 2020 
300 |a 1 recurso electrn̤ico 
500 |a Convenȯ̂ sobre os direitos da pessoa com deficin̊cia e Lei Brasileira de Inclusô. A capacidade civil sempre esteve intimamente ligada ao discernimento, isto ,̌ ̉possibilidade de entender e querer. A noȯ̂ de discernimento era concebida em escalas, de modo que aquele que o possus̕se por completo seria plenamente capaz, enquanto aquele que tivesse o discernimento reduzido seria relativamente incapaz e aquele completamente despido de discernimento seria absolutamente incapaz. O discernimento, ou a capacidade de compreensô e anl̀ise, provm̌ de uma caracters̕tica da condiȯ̂ humana, se nô a mais importante, a que melhor define a nossa espčie: a racionalidade. Quando h ̀discernimento, h ̀autonomia para decidir o que se quer. As conceituaė̳s tradicionais da teoria das incapacidades foram profundamente alteradas pela Lei n. 13.146/2015, que transformou o sistema brasileiro ao modificar o rol de incapazes previsto pelo Cd̤igo Civil para dele retirar os enfermos mentais, independentemente de seu nv̕el de discernimento, passando a reput-̀los como plenamente capazes (art. 6ð). Muda-se, assim, a abordagem da deficin̊cia que j ̀nô ̌compreendida como uma caracters̕tica intrn̕seca ̉pessoa, mas como o produto da interaȯ̂ entre as suas limitaė̳s naturais e as barreiras sociais. Nessa medida, a expressô enfermidade mental deixa de ser utilizada porque a deficin̊cia nô ̌mais considerada como uma doenȧ. De igual modo, a deficin̊cia nô pode ser utilizada como critřio balizador da capacidade para que nô se incorra em discriminaȯ̂. 
506 1 |a Disponible solo en los productos indicados  |d vLex Global  |d vLex Global (Academic Edition, excluding Law Schools)  |d vLex Global (U.S. Academic Edition, Law Schools)  |d vLex Global (U.S. Academic Edition, excluding Law Schools)  |d vLex Global (Academic Edition, Law Schools) 
650 0 4 |a Derecho Civil  |z Brasil 
740 0 |a vLex Libros (Servicio en ln̕ea) 
856 4 0 |u https://app.vlex.com/#/sources/36765  |z Acceso restringido 
942 |c BOOK 
999 0 |a Civil Law